00413nam a2200157Ia 4500008004100000020001800041082001500059100001600074245003600090250000800126260003700134300002300171500001900194600002700213650001500240240925s9999 xx 000 0 und d a9789350140956 a604.24 GOE aGoel, B. K. 0aMachine drawing (with autocade) a1st aNew Delhi:bKatson Booksc,2015. a295p.b0fOriginal aIncludes Index aElectrical Engineering aTechnology